Triunfos de la reyna de los Angeles donde por discursos predicables, se prueba su Concepción, sin ninguna Razon de pecado.

Detalles Bibliográficos
Autor principal: LOAISA, Bartolomé (Fray)
Formato: Libro
Publicado: Sevilla 1616
Materias:
Colección:Banco de datos
Acervo:Biblioteca del Museo Regional de Querétaro. INAH. Querétaro
Tema general:Mariología
Notas:Regular. Encuadernado con 9 obras más, en honor de la Virgen María. 1M4, 7d.
LEADER 00803nam a22001930004500
035 |a 31920 
036 |a 5629 
100 1 |a LOAISA, Bartolomé (Fray). 
245 1 0 |a Triunfos de la reyna de los Angeles donde por discursos predicables, se prueba su Concepción, sin ninguna Razon de pecado. 
260 |a Sevilla  |b imp. Gabriel Ramos Vejarano  |c 1616 
500 |a Regular. Encuadernado con 9 obras más, en honor de la Virgen María. 1M4, 7d. 
650 1 0 |a Mariología 
949 |a C.R.Q. 
959 |a Ex convento Grande de San Francisco de la ciudad de Querétaro, Museo Regional de Querétaro  |b CCC2 
960 |a Colección General, Querétaro  |b DD80 
961 |a Varias Ordenes Religiosas  |b VO 
942 |c C.R.Q. 
943 |g Biblioteca del Museo Regional de Querétaro. INAH. Querétaro 
999 |c 988236  |d 988236